000
00207nam a22000857a 4500
008
170118b xxu||||| |||| 00| 0 eng d
100
_9
2481
_a
Verma.H.C.
245
_a
Physics-X
260
_a
New Delhi
_b
Bharathi
_c
2011
999
_c
5548
_d
5548